Countries Closest to Germany - One Minute Sprint - Statistics

General Stats
  • This quiz has been taken 262 times
  • The average score is 15 of 20
Answer Stats
km country miles % Correct
0 France 0
96%
0 Denmark 0
94%
0 Poland 0
94%
0 Austria 0
91%
0 Switzerland 0
91%
0 Belgium 0
88%
0 Netherlands 0
88%
45 Italy 28
87%
0 Czechia 0
86%
0 Luxembourg 0
84%
72 Sweden 45
77%
224 Slovakia 139
74%
33 Liechtenstein 20
72%
295 United Kingdom 184
71%
221 Hungary 137
69%
327 Norway 203
67%
118 Slovenia 73
63%
222 Croatia 138
45%
357 Russia 222
43%
331 Bosnia and Herzegovina 205
26%
No matching quizzes found
Score Distribution
Percent of People with Each Score
Percentile by Number Answered
Your Score History
You have not taken this quiz